Every business is a growth business: how your company can prosper year after year (Record no. 29873)

MARC details
000 -LEADER
fixed length control field 00476nam a2200181Ia 4500
020 ## - INTERNATIONAL STANDARD BOOK NUMBER
ISBN 0- 8129- 3305- 2
050 ## - CALL MARK
Classification number HD 58.8 .T498/
100 ## - STATEMENT OF RESPONSIBILITY--MAIN AUTHOR NAME
Personal name Charan, Ram
245 #0 - TITLE STATEMENT
Title Every business is a growth business: how your company can prosper year after year
260 ## - PUBLICATION, DISTRIBUTION, ETC. (IMPRINT)
Place of publication New York
260 ## - PUBLICATION, DISTRIBUTION, ETC. (IMPRINT)
Name of publisher Three Rivers Press
260 ## - PUBLICATION, DISTRIBUTION, ETC. (IMPRINT)
Year of publication 1998
300 ## - PHYSICAL DESCRIPTION
Number of Pages 342 p
650 ## - SUBJECT ADDED ENTRY--TOPICAL TERM
Topical Term Leadership
942 ## - ADDED ENTRY ELEMENTS (KOHA)
Koha item type Books
Holdings
Withdrawn status Lost status Source of classification or shelving scheme Damaged status Not for loan Permanent Location Current Location Date acquired Accession Number Price effective from Koha item type
    Library of Congress Classification     NILE UNIVERSITY OF NIGERIA - MAIN LIBRARY NILE UNIVERSITY OF NIGERIA - MAIN LIBRARY 04/23/2025 0003106 04/23/2025 Books